| 000 | 01418nam a2200337 a 4500 | ||
|---|---|---|---|
| 001 | 000004138 | ||
| 003 | DO-SdBNP | ||
| 005 | 20171009120906.0 | ||
| 007 | 000004138 | ||
| 008 | 090714t2006 dr a 000 0bspa d | ||
| 020 | _a9993476544 | ||
| 040 |
_aBPMSU _bspa _cBPMSU |
||
| 082 | 4 |
_a923.27293 _bR789c, 2006 |
|
| 100 | 1 |
_aCassá, Roberto _d1948- |
|
| 245 | 1 | 0 |
_aFrancisco del Rosario Sánchez : _bfundador de la república / _cRoberto Cassá ; ilustraciones Ramiro Manzano. |
| 250 | _a3a. ed. | ||
| 260 |
_aSanto Domingo : _bTobogán., _c2006. |
||
| 300 |
_a63 p. : _bil. ; _c21 cm. |
||
| 490 | 1 | _aBiografías dominicanas Tobogán | |
| 504 | _aBibliografía : (p. 63) | ||
| 505 | 0 | _aSu dimensión en la historia dominicana -- Orígenes familiares -- Infancia y juventud -- Preparación de la independencia -- El manifiesto del 16 de enero -- El 27 de febrero -- Los primeros meses de la República -- Exilio y retorno -- Con Báez -- Contra la anexión -- Expedición e inmolación -- Bibliografía. | |
| 600 | 1 | 4 |
_aROSARIO SÁNCHEZ, FRANCISCO DEL, _d1817-1861 |
| 651 | 4 |
_aREPÚBLIA DOMINICANA _xHISTORIA _y1844-1864 |
|
| 651 | 4 |
_aREPÚBLICA DOMINICANA _vBIOGRAFÍAS |
|
| 700 | 1 |
_aManzano, Ramiro _eil. |
|
| 830 | 0 | _aBiografías dominicanas Tobogán | |
| 910 | _aValidado. Control de calidad EMS | ||
| 942 |
_2ddc _cBK |
||
| 945 | _aInventariado, 2017/MFF | ||
| 956 |
_aVMATEO _b10 _c20110401 _lBPMSU _h0069 |
||
| 999 |
_c7334 _d7334 |
||